Sapphistry /

שמור ב:
מידע ביבליוגרפי
מחבר ראשי: Califia, Pat
פורמט: ספר
שפה:אנגלית
יצא לאור: Tallahassee
תגים: הוספת תג
אין תגיות, היה/י הראשונ/ה לתייג את הרשומה!

MARC

LEADER 00000nam a2200000 4500
001 CDOM0000003717
003 mi
005 20251008204346.0
008 251008b |||||||| |||| 00| 0 eng d
040 |c mi 
100 |a Califia, Pat 
245 1 |a Sapphistry /  |c Pat Califia 
260 |a Tallahassee 
942 |2 ddc  |c BK 
952 |0 0  |1 0  |2 ddc  |4 0  |7 0  |9 6937  |a MI  |b MI  |d 2009-08-21  |i 5425  |l 0  |p CDOM5425  |r 2025-07-13 16:28:00  |w 2025-07-13  |x ACQUISTO  |y BK 
999 |c 5662  |d 5662